000 00710nam a2200205 i 4500
001 56517
003 ES-MaACL
007 t|
008 031009s1944 ag ||||1| spa d
100 1 _aDilthey, Wilhelm.
_944818
245 1 3 _aLa esencia de la filosofía /
_cGuillermo Dilthey ; con un estudio preliminar de Eugenio Pucciarelli ; [traduccion de Elsa Taberning].
260 _aBuenos Aires :
_bPosada,
_c[1944] (
_fLópez)
300 _a208 p. :
_bretr. aut. ;
_c21 cm.
490 1 _aBiblioteca filosófica
700 1 _aPucciarelli, Eugenio.
_994111
700 1 _aTaberning, Elsa.
_9109019
830 0 0 _aBiblioteca filosófica
_9179275
852 _aES-MaACL
_jE-2219
_bR.23410
999 _c56517
_d56517